书目信息 |
| 题名: |
建筑工程定额与预算
|
|
| 作者: | 宋芳 , 余连月 主编 | |
| 分册: | ||
| 出版信息: | 北京 机械工业出版社 2020.9 |
|
| 页数: | 296页 | |
| 开本: | 26cm | |
| 丛书名: | ||
| 单 册: | ||
| 中图分类: | TU723.34 | |
| 科图分类: | ||
| 主题词: | 建筑经济定额--教材 , 建筑预算定额--教材 | |
| 电子资源: | ||
| ISBN: | 978-7-111-49265-8 | |
| 000 | 00997nam0 2200301 45 | |
| 001 | 012001000578 | |
| 005 | 20211013145031.66 | |
| 010 | @a978-7-111-49265-8@dCNY45.00 | |
| 090 | @aTU723@bsf | |
| 096 | @aTU723@bsf | |
| 100 | @a20150408d2015 em y0chiy50 ea | |
| 101 | 0 | @achi |
| 102 | @aCN@b110000 | |
| 105 | @aa z 000yy | |
| 106 | @ar | |
| 200 | 1 | @a建筑工程定额与预算@Ajian zhu gong cheng ding e yu yu suan@f宋芳,余连月主编 |
| 205 | @a2版 | |
| 210 | @a北京@c机械工业出版社@d2020.9 | |
| 215 | @a296页@c图@d26cm | |
| 300 | @a土建类专业精品课程配套规划教材 | |
| 330 | @a本书主要介绍了建设工程定额计价原理,施工图预算的编制依据和方法,建筑装饰装修工程工程量计算方法,建筑装饰装修工程费用组成及计价方法等。 | |
| 606 | 0 | @a建筑经济定额@j教材 |
| 606 | 0 | @a建筑预算定额@j教材 |
| 690 | @aTU723.34@v5 | |
| 701 | 0 | @a宋芳@Asong fang@c(建筑)@4主编 |
| 701 | 0 | @a余连月@Ayu lian yue@c(女,@f1970~)@4主编 |
| 801 | 0 | @aCN@bBJSDL@c20211011 |
| 905 | @b1335488-91@dTU723.34@e1932=2@f4 | |
| 建筑工程定额与预算/宋芳,余连月主编.-2版.-北京:机械工业出版社,2020.9 |
| 296页:图;26cm |
| 土建类专业精品课程配套规划教材 |
| ISBN 978-7-111-49265-8:CNY45.00 |
| 本书主要介绍了建设工程定额计价原理,施工图预算的编制依据和方法,建筑装饰装修工程工程量计算方法,建筑装饰装修工程费用组成及计价方法等。 |
| ● |
| 相关链接 |
|
|
|
|
正题名:建筑工程定额与预算
索取号:TU723.34/1932=2
 
预约/预借
| 序号 | 登录号 | 条形码 | 馆藏地/架位号 | 状态 | 备注 |
| 1 | 1335488 | 213354886 | 第二样本阅览室/ [索取号:TU723.34/1932=2] | 在馆 | |
| 2 | 1335489 | 213354895 | 第三借阅区/ [索取号:TU723.34/1932=2] | 在馆 | |
| 3 | 1335490 | 213354902 | 第三借阅区/ [索取号:TU723.34/1932=2] | 在馆 | |
| 4 | 1335491 | 213354911 | 第三借阅区/ [索取号:TU723.34/1932=2] | 在馆 |